Online
Catalog

Lo que yo pienso : (Record no. 6467)

MARC details
000 -CABECERA
campo de control de longitud fija 00844cam a2200253 a 4500
001 - NÚMERO DE CONTROL
campo de control 000006678
005 - FECHA Y HORA DE LA ÚLTIMA TRANSACCIÓN
campo de control 20200929153955.0
008 - DATOS DE LONGITUD FIJA--INFORMACIÓN GENERAL
campo de control de longitud fija 770809s1976 sp 000 0aspa
020 ## - NÚMERO INTERNACIONAL ESTÁNDAR DEL LIBRO
Número Internacional Estándar del Libro 8432505188
040 ## - FUENTE DE LA CATALOGACIÓN
Centro catalogador/agencia de origen DO-SdBNP
Centro/agencia transcriptor DLC
Centro/agencia modificador DLC
082 ## - NÚMERO DE LA CLASIFICACIÓN DECIMAL DEWEY
Número de clasificación 947.0853
Número de documento/Ítem P476L
100 1# - ENTRADA PRINCIPAL--NOMBRE DE PERSONA
Nombre de persona Pestaña, Ángel,
Fechas asociadas al nombre 1886-1937.
9 (RLIN) 18599
240 10 - TÍTULO UNIFORME
Título uniforme Setenta días en Rusia
245 13 - MENCIÓN DE TÍTULO
Título Lo que yo pienso :
Resto del título 70 días en Rusia /
Mención de responsabilidad, etc. Ángel Pestaña.
260 ## - PUBLICACIÓN, DISTRIBUCIÓN, ETC.
Lugar de publicación, distribución, etc. Madrid :
Nombre del editor, distribuidor, etc. Doncel,
Fecha de publicación, distribución, etc. 1976.
300 ## - DESCRIPCIÓN FÍSICA
Extensión 244 p. ;
Dimensiones 18 cm.
490 1# - MENCIÓN DE SERIE
Mención de serie El libro de bolsillo doncel
Designación de volumen o secuencia 72
651 #4 - PUNTO DE ACCESO ADICIONAL DE MATERIA--NOMBRE GEOGRÁFICO
Nombre geográfico Unión Soviética
Subdivisión general Descripciones Y Viajes
9 (RLIN) 18600
651 #4 - PUNTO DE ACCESO ADICIONAL DE MATERIA--NOMBRE GEOGRÁFICO
Nombre geográfico Unión Soviética
Subdivisión general Historia
Subdivisión cronológica 1917-1936.
9 (RLIN) 18601
600 10 - PUNTO DE ACCESO ADICIONAL DE MATERIA--NOMBRE DE PERSONA
Nombre de persona PESTAÑA, ÁNGEL,
Fechas asociadas al nombre 1886-1937.
9 (RLIN) 18602
830 #0 - PUNTO DE ACCESO ADICIONAL DE SERIE-TÍTULO UNIFORME
Título uniforme El Libro de Bolsillo Doncel ;
Designación de volumen o secuencia no. 72
9 (RLIN) 8628
910 ## - DATOS DE OPCIÓN DEL USUARIO (OCLC)
Datos de opción del usuario Catalogación por copia / LC
910 ## - DATOS DE OPCIÓN DEL USUARIO (OCLC)
Datos de opción del usuario WM
Holdings
Estado de retiro Estado de pérdida Restricciones de uso No para préstamo Código de colección Localización permanente Ubicación/localización actual Ubicación en estantería Fecha de adquisición Número de inventario Total de préstamos Signatura topográfica completa Código de barras Fecha visto por última vez Precio válido a partir de Tipo de ítem Koha Número de copia
    Préstamo interno   Monografías: Libros y Folletos General General Depósito 01.09.2009 LF1   947.0853 P476L 6678-10 25.06.2020 25.06.2020 Préstamo interno  
    Préstamo restringido Préstamo restrigido Monografías: Libros y Folletos General General Depósito 01.09.2009 LF1   947.0853 P476L 6678-20 25.06.2020 25.06.2020 Préstamo interno e.2
    Préstamo interno   Monografías: Libros y Folletos General General Depósito 01.09.2009 LF1   947.0853 P476L 6678-30 25.06.2020 25.06.2020 Préstamo interno e.3

Powered by Koha